Statistics for Mapa de America del Norte

Click here to take the quiz!

General Stats

  • This quiz has been taken 806 times
  • The average score is 16 of 23

Answer Stats

Answer % Correct
Canadá
98%
México
98%
Estados Unidos
96%
Cuba
91%
Panamá
91%
Republica Dominicana
87%
Belice
87%
Bahamas
85%
Haití
84%
Nicaragua
83%
El Salvador
83%
Costa Rica
82%
Guatemala
80%
Jamaica
80%
Honduras
76%
Trinidad y Tobago
69%
San Vicente y las Granadinas
45%
Barbados
44%
Granada
41%
Antigua
40%
San Cristóbal y Nieves
37%
Santa Lucía
37%
Dominica
35%

Score Distribution

Percentile by Number Answered

Percent of People with Each Score

Your Score History

You have not taken this quiz